Augsburg Today: (Record no. 5752)

MARC details
000 -LEADER
fixed length control field 00583nam a22001937a 4500
003 - CONTROL NUMBER IDENTIFIER
control field GBCCL
005 - DATE AND TIME OF LATEST TRANSACTION
control field 20241126110549.0
008 - FIXED-LENGTH DATA ELEMENTS--GENERAL INFORMATION
fixed length control field 180405b ||||| |||| 00| 0 eng d
020 ## - INTERNATIONAL STANDARD BOOK NUMBER
International Standard Book Number 0570098297
040 ## - CATALOGING SOURCE
Transcribing agency gbc
082 ## - DEWEY DECIMAL CLASSIFICATION NUMBER
Classification number 238.41
Item number AUG
245 ## - TITLE STATEMENT
Title Augsburg Today:
Remainder of title This we believe, teach and confess /
Statement of responsibility, etc. Edited by David L. Mahsman
260 ## - PUBLICATION, DISTRIBUTION, ETC.
Place of publication, distribution, etc. St. Louis:
Name of publisher, distributor, etc. Concordia Publishing House,
Date of publication, distribution, etc. 1997
300 ## - PHYSICAL DESCRIPTION
Extent 119 p.;
Dimensions 23 cm.
650 ## - SUBJECT ADDED ENTRY--TOPICAL TERM
Topical term or geographic name entry element Augsburg confession
9 (RLIN) 10387
650 ## - SUBJECT ADDED ENTRY--TOPICAL TERM
Topical term or geographic name entry element Lutheran Church
Form subdivision Creeds
9 (RLIN) 10388
650 ## - SUBJECT ADDED ENTRY--TOPICAL TERM
Topical term or geographic name entry element Lutheran Church
Form subdivision Doctrine
9 (RLIN) 10389
942 ## - ADDED ENTRY ELEMENTS (KOHA)
Source of classification or shelving scheme Dewey Decimal Classification
Koha item type Books
Holdings
Withdrawn status Lost status Source of classification or shelving scheme Damaged status Not for loan Home library Current Library Shelving location Date acquired Total checkouts Full call number Barcode Date last seen Copy number Price effective from Koha item type
    Dewey Decimal Classification     GRACE BIBLE COLLEGE GRACE BIBLE COLLEGE Theology 2018-04-05   238.41 AUG 008892 2025-05-01 c.1 2018-04-05 Books
    Dewey Decimal Classification     GRACE BIBLE COLLEGE GRACE BIBLE COLLEGE Theology 2018-04-05   238.41 AUG 009134 2025-05-01 c.2 2018-04-05 Books
© Grace Bible College Library 2025